Countries by countries #2 - Statistics

General Stats
  • This quiz has been taken 27 times
  • The average score is 7 of 12
Answer Stats
Hint Answer Trait % Correct
Israel, Egypt, Saudi Arabia Jordan Lays on the Gulf of Aqabah
83%
Spain, France, UK, Netherlands Portugal Had colonies in South America
83%
France, Andorra, Portugal, UK Morocco Borders Spain
78%
Kazakhstan, Uzbekistan, Kyrgyzstan, Turkmenistan Tajikistan Post-soviet 'Stans'
78%
Cape Verde, Sao Tome and Principe, Seychelles Comoros African country archipelagos
70%
Poland, Czech Republic, Austria, Hungary Ukraine Borders Slovakia
65%
Singapore, Vatican City Monaco City States
61%
North Korea, South Korea, South Sudan, South Africa North Macedonia Has either 'north' or 'south' in its name
57%
East Timor, Kosovo South Sudan Newest countries
57%
Mauritania, Iran, Pakistan Afghanistan Islamic Republics
26%
Russia, Botswana, DR Congo, South Africa Australia Highest quantity of diamonds exported
22%
Nicaragua, Malawi Chad Got its name from a lake
17%
No matching quizzes found
Score Distribution
Percent of People with Each Score
Percentile by Number Answered
Your Score History
You have not taken this quiz